000 00523nam a2200157 i 4500
001 34079
003 ES-MaACL
005 20230906154855.0
007 t|
008 030204s1906 sp ||||1| spa d
100 1 _aBlanco y Martínez, Emilio.
_929309
245 1 3 _aEl presupuesto de la Villa de Madrid
_b: bases para la reorganización de su Hacienda y mejora de los servicios municipales /
_cEmilio Blanco y Martínez.
260 _aMadrid :
_b[s.n.,
_c1906]
300 _a71 p. ;
_c23 cm.
852 _aES-MaACL
_jT-1150-F
999 _c34079
_d34079